<?xml version="1.0" encoding="UTF-8"?>
<collection xmlns="http://www.loc.gov/MARC21/slim">
 <record>
  <leader>01603nam a2200217Ia 4500</leader>
  <controlfield tag="001">CTU_196644</controlfield>
  <controlfield tag="008">210402s9999    xx            000 0 und d</controlfield>
  <datafield tag="020" ind1=" " ind2=" ">
   <subfield code="c">69000</subfield>
  </datafield>
  <datafield tag="082" ind1=" " ind2=" ">
   <subfield code="a">658.81</subfield>
  </datafield>
  <datafield tag="082" ind1=" " ind2=" ">
   <subfield code="b">Th506</subfield>
  </datafield>
  <datafield tag="100" ind1=" " ind2=" ">
   <subfield code="a">Thục Quyên</subfield>
  </datafield>
  <datafield tag="245" ind1=" " ind2="0">
   <subfield code="a">Bán quần áo là phải bán như thế này này ! :</subfield>
  </datafield>
  <datafield tag="245" ind1=" " ind2="0">
   <subfield code="b">Không chỉ bán quần áo mà bạn có thể bán mọi thứ</subfield>
  </datafield>
  <datafield tag="245" ind1=" " ind2="0">
   <subfield code="c">Thục Quyên, Hà Huyền (Chủ biên) ; Alphabooks biên soạn</subfield>
  </datafield>
  <datafield tag="260" ind1=" " ind2=" ">
   <subfield code="a">Hà Nội</subfield>
  </datafield>
  <datafield tag="260" ind1=" " ind2=" ">
   <subfield code="b">Lao động - Xã hội</subfield>
  </datafield>
  <datafield tag="260" ind1=" " ind2=" ">
   <subfield code="c">2013</subfield>
  </datafield>
  <datafield tag="520" ind1=" " ind2=" ">
   <subfield code="a">Bán quần áo là phải bán như thế này này là cuốn sách kinh tế chứa đựng nhiều điều khác biệt so với các tài liệu hướng dẫn thường thấy. Cuốn sách kinh doanh Bán quần áo là phải bán như thế này này mô tả một cách toàn diện việc kinh doanh trong lĩnh vưc thời trang với các chiến lược bán hàng cụ thể, thực tế, có tính thực tế rất cao khi áp dụng vào việc đào tạo nhân viên. Cuốn sách đồng thời cũng đưa ra những hướng dẫn, gợi ý, các mẫu câu sử dụng phù hợp với ngữ cảnh giúp việc trao đổi với khách hàng trở nên gần gũi thuyết phục.</subfield>
  </datafield>
  <datafield tag="650" ind1=" " ind2=" ">
   <subfield code="a">Sales management,Quản lý bán hàng</subfield>
  </datafield>
  <datafield tag="904" ind1=" " ind2=" ">
   <subfield code="i">Tuyến</subfield>
  </datafield>
  <datafield tag="980" ind1=" " ind2=" ">
   <subfield code="a">Trung tâm Học liệu Trường Đại học Cần Thơ</subfield>
  </datafield>
 </record>
</collection>
